000 00706nam a2200253Ia 4500
001 134626
003 226466
005 20241030062622.0
008 ||||||n9999 ||| || ||
082 _a339
100 1 _aMiller, Roger LeRoy
_95863
245 0 _aMacroeconomía moderna
_cRoger LeRoy Miller ; traducción Mei Mei Alicia Chu Pulido ; revisión técnica Alberto Spagnolo González ; supervisión Francisco Paniagua Bocanegra
504 _aIncluye bibliografía e índice
562 _e1
650 0 _aMacroeconomía
_95509
942 _cBKM
999 _c134626
_d134626
526 _a116204
526 _a4969
526 _a19790
526 _a104436
526 _a5144
526 _a51868
526 _a1697